Y-4 SELÇUKLU BACISI (Record no. 588691)

MARC details
000 -LEADER
sabit uzunluktaki kontrol alanı 00271nam a2200109Ia 4500
001 - KONTROL NUMARASI
kontrol alanı 588691
005 - EN SON İŞLEMİN TARİH VE ZAMANI
kontrol alanı 20250717120836.0
008 - SABİT-UZUNLUKTA VERİ ÖĞELERİ--GENEL BİLGİ
sabit uzunluktaki kontrol alanı 250717s9999 xx 000 0 und d
245 #0 - ESER / YAZAR
ESER ADI Y-4 SELÇUKLU BACISI
Yazar Adı ERHAN AKMAN
260 ## - YAYIN, DAĞITIM, VB.
YAYIN EVİ ÇINARALTI YAYINLARI
Yayın, dağıtım tarihi, vb. 2018
300 ## - FİZİKSEL AÇIKLAMA
Diğer fiziksel ayrıntılar 320

No items available.